ბათუმის შოთა რუსთაველის სახელმწიფო უნივერსიტეტის ბიბლიოთეკა

გალენური პრეპარატების ტექნოლოგია (ბიბ.ჩანაწერი № 57787)

000 -ლიდერი
ფიქსირებული სიგრძის საკონტროლო ველი 01162nam a22002417a 4500
003 - საკონტროლო ნომრის იდენტიფიკატორი
საკონტროლო ველი Ge_BSU
005 - ბოლო ოპერაციის თარიღი და დრო
საკონტროლო ველი 20201201113856.0
008 - ფიქსირებული სიგრძის მონაცემთა ელემენტები - ზოგადი ინფორმაცია
ფიქსირებული სიგრძის საკონტროლო ველი 201130s2020 ge ||||| |||| 00| 0 geo d
041 ## - ენის კოდი
Language code of text/sound track or separate title geo
080 ## - უნივერსალური ათობითი კლასიფიკაციის ინდექსი
Universal Decimal Classification number 615.11 ბ-19
100 ## - მთავარი ჩანაწერი - პიროვნების სახელი
Personal name ბაკურიძე, ა
9 (RLIN) 9798
245 ## - ცნობა სათაურის შესახებ
Title გალენური პრეპარატების ტექნოლოგია
Remainder of title (პრაქტიკული კურსი) სახელმძღვ. /
Statement of responsibility, etc ალიოშა ბაკურიძე, გულნარა მიქაია, ლაშა ბაკურიძე.
264 ## - წარმოების, გამოცემის, დისტრიბუციის და სხვა ცნობები
გამოცემის, წარმოების, დისტრიბუციის... ადგილი თბილისი,
გამოცემის, წარმოების, დისტრიბუციის... თარიღი 2020.
300 ## - ფიზიკური აღწერა
Extent 246 გვ.
Other physical details სურ.
Dimensions 28 სმ.
504 ## - BIBLIOGRAPHY, ETC. NOTE
Bibliography, etc ბუბლიოგრ. გვ. 244
653 ## - INDEX TERM--UNCONTROLLED
Uncontrolled term გალენური პრეპარატები
653 ## - INDEX TERM--UNCONTROLLED
Uncontrolled term მედიცინა
653 ## - INDEX TERM--UNCONTROLLED
Uncontrolled term ფარმაცია
700 ## - ADDED ENTRY--PERSONAL NAME
Personal name მიქაია ,გულნარა
Relator term ავტორი
9 (RLIN) 9799
700 ## - ADDED ENTRY--PERSONAL NAME
Personal name ბაკურიძე, ლაშა
Relator term ავტორი
9 (RLIN) 9796
700 ## - ADDED ENTRY--PERSONAL NAME
Personal name ერიაშვილი, ვ.
Relator term რედაქტორი
9 (RLIN) 9800
942 ## - ADDED ENTRY ELEMENTS (KOHA)
Source of classification or shelving scheme
Koha item type წიგნი
ეგზემპლარები
ჩამოწერის სტატუსი დაკარგული ეგზემპლარის სტატუსი კლასიფიკაციის წყარო ან თაროზე გაწყობის სქემა დაზიანების სტატუსი არ გაიცემა მუდმივი მდებარეობა (დაცვის ადგილი) ამჟამინდელი ადგილსამყოფელი თაროზე განთავსების ადგილი შეძენის თარიღი ღირებულება, შესყიდვის ნორმალური ფასი სრული შენახვის შიფრი შტრიხკოდი ბოლო ოპერაციის თარიღი ეგზემპლარის მიმდევრობითი ნომერი (კეტერი?) ფასის ძალაში შესვლის თარიღი ეგზემპლარის სახეობა საჯარო შენიშვნა
          ბათუმის შოთა რუსთაველის სახელმწიფო უნივერსიტეტის მთავარი ბიბლიოთეკა ბათუმის შოთა რუსთაველის სახელმწიფო უნივერსიტეტის მთავარი ბიბლიოთეკა წიგნსაცავი 2020-11-30 12.00 615.11 ბ-19 61132 2020-11-30 61132 2020-11-30 წიგნი 12 ლ.